[Event "IMP Kobiet do lat 20"]
[Site "Chotowa"]
[Date "2023.10.31"]
[Round "5.5"]
[White "Kudlak, Julia"]
[Black "Matskevich, Varvara"]
[Result "1-0"]
[BlackElo "1722"]
[WhiteElo "1892"]
[LiveChessVersion "1.4.8"]

1. d4 {[%clk 1:30:55]} f5 {[%clk 1:28:13]} 2. e4 {[%clk 1:30:23]} fxe4
{[%clk 1:27:37]} 3. Nc3 {[%clk 1:29:33]} Nf6 {[%clk 1:26:49]} 4. Bg5
{[%clk 1:29:16]} g6 {[%clk 1:18:42]} 5. Bc4 {[%clk 1:28:09]} Bg7 {[%clk 1:10:10]}
6. Nge2 {[%clk 1:27:19]} c6 {[%clk 1:05:02]} 7. d5 {[%clk 1:24:49]} Qa5
{[%clk 0:52:26]} 8. O-O {[%clk 1:14:17]} e6 {[%clk 0:36:36]} 9. Bxf6
{[%clk 1:01:11]} Bxf6 {[%clk 0:36:53]} 10. Nxe4 {[%clk 1:01:08]} O-O
{[%clk 0:34:24]} 11. Nxf6+ {[%clk 0:54:59]} Rxf6 {[%clk 0:34:46]} 12. Qd4
{[%clk 0:52:21]} Rf8 {[%clk 0:33:55]} 13. d6 {[%clk 0:51:34]} Qf5
{[%clk 0:31:33]} 14. Ng3 {[%clk 0:40:21]} Qf6 {[%clk 0:29:01]} 15. Qxf6
{[%clk 0:38:02]} Rxf6 {[%clk 0:29:28]} 16. f4 {[%clk 0:37:13]} b6
{[%clk 0:27:29]} 17. f5 {[%clk 0:35:59]} gxf5 {[%clk 0:24:36]} 18. Nxf5
{[%clk 0:34:58]} Ba6 {[%clk 0:23:36]} 19. Ne3 {[%clk 0:33:19]} Kg7
{[%clk 0:21:29]} 20. h4 {[%clk 0:30:13]} c5 {[%clk 0:15:11]} 21. Bxa6
{[%clk 0:26:30]} Nxa6 {[%clk 0:15:36]} 22. Rxf6 {[%clk 0:23:13]} Kxf6
{[%clk 0:16:05]} 23. Rf1+ {[%clk 0:22:37]} Kg7 {[%clk 0:15:25]} 24. Ng4
{[%clk 0:19:41]} Rf8 {[%clk 0:13:22]} 25. Rxf8 {[%clk 0:18:56]} Kxf8
{[%clk 0:13:51]} 26. Nf6 {[%clk 0:18:27]} Nb8 {[%clk 0:13:28]} 27. Nxh7+
{[%clk 0:18:12]} Kg7 {[%clk 0:13:53]} 28. Ng5 {[%clk 0:18:35]} Nc6
{[%clk 0:14:14]} 29. c3 {[%clk 0:15:29]} Ne5 {[%clk 0:13:18]} 30. b3
{[%clk 0:15:08]} Kg6 {[%clk 0:12:57]} 31. Kf2 {[%clk 0:14:58]} Kf5
{[%clk 0:12:32]} 32. Kg3 {[%clk 0:13:05]} Ng4 {[%clk 0:11:09]} 33. Nxe6
{[%clk 0:12:06]} Nf6 {[%clk 0:10:03]} 34. Nf8 {[%clk 0:11:00]} Ke5
{[%clk 0:08:51]} 35. Kf3 {[%clk 0:10:23]} Kf5 {[%clk 0:07:19]} 36. g3
{[%clk 0:08:12]} Ke5 {[%clk 0:04:24]} 37. g4 {[%clk 0:08:12]} Kxd6
{[%clk 0:04:44]} 38. g5 {[%clk 0:08:14]} Ng8 {[%clk 0:04:22]} 39. Ke4
{[%clk 0:07:37]} Ke7 {[%clk 0:04:27]} 40. Ng6+ {[%clk 0:37:40]} Ke6
{[%clk 0:33:35]} 41. h5 {[%clk 0:31:51]} d5+ {[%clk 0:33:01]} 42. Kf4
{[%clk 0:30:58]} d4 {[%clk 0:32:50]} 43. cxd4 {[%clk 0:30:48]} cxd4
{[%clk 0:33:16]} 44. h6 {[%clk 0:30:22]} d3 {[%clk 0:33:39]} 45. Ke3
{[%clk 0:29:55]} 1-0

[Event "IMP Kobiet do lat 20"]
[Site "Chotowa"]
[Date "2023.10.31"]
[Round "5.6"]
[White "Sprzeczka, Emilia"]
[Black "Dylag, Emilia"]
[Result "0-1"]
[BlackElo "2163"]
[WhiteElo "1865"]
[LiveChessVersion "1.4.8"]

1. e4 c5 {[%clk 1:30:53]} 2. c3 {[%clk 1:31:23]} e5 {[%clk 1:31:17]} 3. Nf3
{[%clk 1:31:47]} Nc6 {[%clk 1:31:37]} 4. Bc4 {[%clk 1:32:08]} Nf6
{[%clk 1:31:58]} 5. Ng5 {[%clk 1:32:28]} d5 {[%clk 1:32:17]} 6. exd5
{[%clk 1:32:51]} Nxd5 {[%clk 1:32:40]} 7. Qh5 {[%clk 1:33:07]} g6
{[%clk 1:33:02]} 8. Qf3 {[%clk 1:33:31]} Qxg5 {[%clk 1:33:21]} 9. Bxd5
{[%clk 1:33:53]} Nd8 {[%clk 1:31:10]} 10. O-O {[%clk 1:33:50]} Qe7
{[%clk 1:29:34]} 11. Re1 {[%clk 1:33:15]} Be6 {[%clk 1:29:04]} 12. Rxe5
{[%clk 1:33:28]} Bg7 {[%clk 1:28:58]} 13. Re1 {[%clk 1:33:17]} O-O
{[%clk 1:26:28]} 14. Bc4 {[%clk 1:32:48]} Qd7 {[%clk 1:16:14]} 15. d3
{[%clk 1:26:02]} Rc8 {[%clk 1:08:37]} 16. a4 a6 17. a5 {[%clk 1:20:30]} Bxc4
{[%clk 1:06:46]} 18. dxc4 {[%clk 1:20:53]} Nc6 {[%clk 1:06:35]} 19. Bf4
{[%clk 1:14:38]} Rfe8 {[%clk 1:02:33]} 20. Rd1 {[%clk 1:04:26]} Qf5
{[%clk 0:56:32]} 21. Nd2 {[%clk 1:00:17]} Qc2 {[%clk 0:25:13]} 22. Rac1
{[%clk 0:48:43]} Qf5 {[%clk 0:22:41]} 23. Nb3 {[%clk 0:27:49]} g5
{[%clk 0:20:35]} 24. Be3 {[%clk 0:21:21]} Qxf3 {[%clk 0:19:57]} 25. gxf3
{[%clk 0:21:45]} Ne5 {[%clk 0:19:59]} 26. Nd2 {[%clk 0:16:23]} h6
{[%clk 0:18:40]} 27. Rc2 {[%clk 0:14:01]} Red8 {[%clk 0:14:05]} 28. Rb1
{[%clk 0:13:37]} f5 {[%clk 0:13:35]} 29. Nb3 {[%clk 0:09:23]} Nxf3+
{[%clk 0:11:31]} 30. Kh1 {[%clk 0:09:08]} Bf8 {[%clk 0:10:38]} 31. Rf1
{[%clk 0:06:00]} f4 {[%clk 0:10:17]} 32. Bc1 {[%clk 0:06:17]} Rd3
{[%clk 0:08:43]} 33. Re2 {[%clk 0:05:13]} Rcd8 {[%clk 0:08:24]} 34. Kg2
{[%clk 0:03:32]} Nh4+ {[%clk 0:07:53]} 35. Kh1 {[%clk 0:02:49]} Rh3
{[%clk 0:07:23]} 36. f3 {[%clk 0:01:24]} Rxf3 {[%clk 0:07:17]} 37. Rg1
{[%clk 0:01:11]} Kf7 {[%clk 0:06:25]} 38. Nd2 {[%clk 0:01:00]} Rh3
{[%clk 0:06:17]} 39. Rf2 {[%clk 0:01:05]} Re8 {[%clk 0:03:41]} 40. Rgf1
{[%clk 0:30:48]} Re6 {[%clk 0:31:31]} 41. b3 {[%clk 0:28:23]} Rxc3
{[%clk 0:30:39]} 42. Bb2 {[%clk 0:28:25]} Rc2 {[%clk 0:30:05]} 43. Bc1
{[%clk 0:26:06]} Bg7 {[%clk 0:29:33]} 44. Ne4 {[%clk 0:24:26]} Rxf2
{[%clk 0:29:47]} 45. Nxf2 {[%clk 0:24:48]} f3 {[%clk 0:27:14]} 46. Nh3
{[%clk 0:23:18]} g4 {[%clk 0:24:34]} 47. Nf4 {[%clk 0:23:23]} Re4
{[%clk 0:23:40]} 48. Nh5 {[%clk 0:21:57]} Be5 {[%clk 0:21:08]} 49. Kg1
{[%clk 0:19:42]} Re2 {[%clk 0:20:33]} 50. Bf4 {[%clk 0:18:33]} Bxf4
{[%clk 0:17:13]} 51. Nxf4 {[%clk 0:18:57]} Rb2 {[%clk 0:17:14]} 52. Nd3
{[%clk 0:18:52]} Rxb3 {[%clk 0:15:34]} 53. Nxc5 {[%clk 0:17:59]} Rb2
{[%clk 0:14:13]} 54. Ne4 {[%clk 0:17:31]} Nf5 {[%clk 0:13:37]} 55. Rc1
{[%clk 0:12:42]} Rg2+ {[%clk 0:10:48]} 56. Kh1 {[%clk 0:13:02]} Re2
{[%clk 0:10:59]} 57. Nc3 {[%clk 0:12:45]} Rb2 {[%clk 0:09:25]} 58. Ne4
{[%clk 0:12:26]} h5 {[%clk 0:09:34]} 59. Rg1 {[%clk 0:11:07]} Re2
{[%clk 0:09:30]} 60. Nc5 {[%clk 0:10:45]} f2 {[%clk 0:09:31]} 0-1

[Event "IMP Kobiet do lat 20"]
[Site "Chotowa"]
[Date "2023.10.31"]
[Round "5.7"]
[White "Slusarczyk, Anna"]
[Black "Siekanska, Zuzanna"]
[Result "0-1"]
[BlackElo "1885"]
[WhiteElo "1730"]
[LiveChessVersion "1.4.8"]

1. d4 {[%clk 1:30:59]} d5 {[%clk 1:30:53]} 2. c4 {[%clk 1:31:24]} e6
{[%clk 1:31:14]} 3. Nc3 {[%clk 1:31:44]} Nf6 {[%clk 1:31:36]} 4. cxd5
{[%clk 1:32:06]} exd5 {[%clk 1:31:58]} 5. Bg5 {[%clk 1:32:32]} c6
{[%clk 1:32:09]} 6. e3 {[%clk 1:32:53]} h6 {[%clk 1:32:22]} 7. Bh4
{[%clk 1:33:18]} Be7 {[%clk 1:32:41]} 8. Bd3 {[%clk 1:33:41]} O-O
{[%clk 1:33:02]} 9. Nf3 {[%clk 1:34:08]} Re8 {[%clk 1:32:24]} 10. Bg3
{[%clk 1:34:12]} Nbd7 {[%clk 1:26:01]} 11. h3 {[%clk 1:33:43]} Nf8
{[%clk 1:19:40]} 12. O-O {[%clk 1:33:30]} Bd6 {[%clk 1:17:09]} 13. Bxd6
{[%clk 1:28:35]} Qxd6 {[%clk 1:17:32]} 14. Qc2 {[%clk 1:28:51]} Qe7
{[%clk 1:07:49]} 15. a3 {[%clk 1:27:33]} a5 {[%clk 1:05:48]} 16. Na4
{[%clk 1:24:08]} N8d7 {[%clk 1:05:37]} 17. Rfb1 {[%clk 1:22:24]} Qd6
{[%clk 1:03:00]} 18. b4 {[%clk 1:16:17]} b5 {[%clk 1:01:41]} 19. Nc5
{[%clk 1:16:30]} a4 {[%clk 0:59:46]} 20. Nxd7 {[%clk 1:16:26]} Nxd7
{[%clk 0:59:16]} 21. Rc1 {[%clk 1:11:38]} Bb7 {[%clk 0:59:00]} 22. Bf5
{[%clk 1:11:33]} Nb6 {[%clk 0:58:19]} 23. Ne5 {[%clk 1:04:54]} Nc4
{[%clk 0:56:50]} 24. Nxc4 {[%clk 1:03:58]} dxc4 {[%clk 0:56:45]} 25. Rd1
{[%clk 1:03:39]} Bc8 {[%clk 0:53:33]} 26. Bxc8 {[%clk 1:02:25]} Raxc8
{[%clk 0:53:58]} 27. e4 {[%clk 1:01:04]} Qf4 {[%clk 0:48:54]} 28. f3
{[%clk 1:00:50]} Rcd8 {[%clk 0:44:15]} 29. Qd2 {[%clk 1:00:10]} Qf6
{[%clk 0:42:00]} 30. Qc3 {[%clk 0:58:08]} Re6 {[%clk 0:41:07]} 31. Rac1
{[%clk 0:55:43]} Qg5 {[%clk 0:37:58]} 32. Kf2 {[%clk 0:49:18]} Rg6
{[%clk 0:35:06]} 33. g4 {[%clk 0:45:00]} h5 {[%clk 0:28:41]} 34. Qe3 Qf6 35. e5
{[%clk 0:43:04]} Qh4+ {[%clk 0:26:59]} 36. Kg2 {[%clk 0:41:08]} Qe7
{[%clk 0:22:41]} 37. Qe4 {[%clk 0:40:44]} Qe6 {[%clk 0:16:27]} 38. Kf2
{[%clk 0:39:43]} h4 {[%clk 0:13:44]} 39. f4 {[%clk 0:39:06]} Qd5 {[%clk 0:11:53]}
40. Kf3 {[%clk 1:04:38]} Re6 {[%clk 0:35:42]} 41. Qxd5 {[%clk 1:00:08]} cxd5
{[%clk 0:35:45]} 42. g5 {[%clk 1:00:11]} Rc6 {[%clk 0:31:05]} 43. Rc3
{[%clk 1:00:24]} f5 {[%clk 0:31:12]} 44. gxf6 {[%clk 0:58:38]} gxf6
{[%clk 0:31:32]} 45. Kg4 {[%clk 0:55:11]} fxe5 {[%clk 0:31:02]} 46. fxe5
{[%clk 0:55:31]} Rg6+ {[%clk 0:30:46]} 47. Kf5 {[%clk 0:52:46]} Kg7
{[%clk 0:28:55]} 48. e6 {[%clk 0:50:21]} Rd6 {[%clk 0:28:32]} 49. Re1
{[%clk 0:49:53]} Rf6+ {[%clk 0:28:39]} 50. Kg5 {[%clk 0:50:17]} Rdxe6
{[%clk 0:23:09]} 51. Rce3 {[%clk 0:48:09]} Kf7 {[%clk 0:21:01]} 52. Re5
{[%clk 0:47:24]} Rxe5+ {[%clk 0:15:31]} 53. Rxe5 {[%clk 0:46:43]} Rf3
{[%clk 0:15:19]} 54. Rxd5 {[%clk 0:44:48]} Rxh3 {[%clk 0:14:12]} 55. Rxb5
{[%clk 0:42:54]} Rxa3 {[%clk 0:14:17]} 56. Rc5 {[%clk 0:42:37]} c3
{[%clk 0:12:06]} 57. d5 {[%clk 0:35:46]} h3 {[%clk 0:10:34]} 58. Rc7+
{[%clk 0:36:11]} Ke8 {[%clk 0:10:36]} 59. Kf6 {[%clk 0:32:07]} h2
{[%clk 0:07:47]} 60. Ke6 {[%clk 0:32:32]} Kd8 {[%clk 0:06:21]} 61. Rh7
{[%clk 0:31:59]} c2 {[%clk 0:06:18]} 62. Rh8+ {[%clk 0:32:05]} Kc7
{[%clk 0:06:41]} 63. d6+ {[%clk 0:32:30]} Kb7 {[%clk 0:06:37]} 64. d7
{[%clk 0:32:12]} Re3+ {[%clk 0:06:05]} 65. Kf6 {[%clk 0:32:16]} Rd3
{[%clk 0:05:14]} 0-1

[Event "IMP Kobiet do lat 20"]
[Site "Chotowa"]
[Date "2023.10.31"]
[Round "5.8"]
[White "Jarocka, Liwia"]
[Black "Gaszka, Zuzanna"]
[Result "1-0"]
[BlackElo "1758"]
[WhiteElo "2208"]
[LiveChessVersion "1.4.8"]

1. e4 {[%clk 1:30:56]} c6 {[%clk 1:30:55]} 2. d4 {[%clk 1:31:11]} d5
{[%clk 1:31:20]} 3. Nd2 {[%clk 1:31:03]} dxe4 {[%clk 1:31:38]} 4. Nxe4
{[%clk 1:31:30]} Nf6 {[%clk 1:31:58]} 5. Nxf6+ {[%clk 1:31:12]} exf6
{[%clk 1:32:21]} 6. c3 {[%clk 1:31:24]} Bd6 {[%clk 1:32:25]} 7. Bd3
{[%clk 1:31:08]} O-O {[%clk 1:32:24]} 8. Qc2 {[%clk 1:31:34]} Re8+
{[%clk 1:32:32]} 9. Ne2 {[%clk 1:31:54]} h5 {[%clk 1:32:39]} 10. O-O
{[%clk 1:31:40]} h4 {[%clk 1:32:30]} 11. h3 {[%clk 1:31:52]} Nd7 {[%clk 1:31:55]}
12. Bd2 {[%clk 1:32:11]} Nf8 {[%clk 1:30:44]} 13. Rae1 {[%clk 1:31:32]} Bc7
{[%clk 1:28:55]} 14. f4 {[%clk 1:30:24]} g6 {[%clk 1:25:56]} 15. f5
{[%clk 1:29:48]} g5 {[%clk 1:25:56]} 16. Qd1 {[%clk 1:29:41]} b5 {[%clk 1:18:51]}
17. g3 {[%clk 1:19:48]} Nh7 {[%clk 0:42:58]} 18. gxh4 {[%clk 1:17:31]} gxh4
{[%clk 0:42:38]} 19. Nf4 {[%clk 1:16:00]} Kh8 {[%clk 0:39:08]} 20. Rxe8+
{[%clk 1:12:29]} Qxe8 {[%clk 0:39:33]} 21. Qh5 {[%clk 1:09:19]} Bxf4
{[%clk 0:37:11]} 22. Rxf4 {[%clk 1:08:58]} Bb7 {[%clk 0:35:55]} 23. Rxh4
{[%clk 1:08:25]} Qg8+ {[%clk 0:36:18]} 24. Kf1 {[%clk 1:07:07]} c5
{[%clk 0:35:53]} 25. Rg4 {[%clk 1:07:16]} Qd8 {[%clk 0:35:01]} 26. Bh6
{[%clk 1:05:57]} 1-0

[Event "IMP Kobiet do lat 20"]
[Site "Chotowa"]
[Date "2023.10.31"]
[Round "5.9"]
[White "Szczotka, Klara"]
[Black "Bukala, Weronika"]
[Result "1-0"]
[BlackElo "1917"]
[WhiteElo "2020"]
[LiveChessVersion "1.4.8"]

1. e4 {[%clk 1:30:59]} c5 {[%clk 1:30:55]} 2. Nf3 {[%clk 1:31:26]} d6
{[%clk 1:31:20]} 3. d4 {[%clk 1:31:49]} cxd4 {[%clk 1:31:46]} 4. Nxd4
{[%clk 1:32:17]} Nf6 {[%clk 1:32:06]} 5. Nc3 {[%clk 1:32:39]} a6 {[%clk 1:32:32]}
6. Bg5 {[%clk 1:33:06]} Nbd7 {[%clk 1:32:46]} 7. Qe2 {[%clk 1:32:34]} Qc7
{[%clk 1:30:10]} 8. f4 {[%clk 1:31:10]} e5 {[%clk 1:26:54]} 9. Nf5
{[%clk 1:24:40]} h6 {[%clk 1:25:18]} 10. Bxf6 {[%clk 1:13:29]} Nxf6
{[%clk 1:24:21]} 11. O-O-O {[%clk 1:13:00]} Be6 {[%clk 1:07:24]} 12. g3
{[%clk 1:04:42]} d5 {[%clk 0:50:52]} 13. fxe5 {[%clk 0:41:27]} Qxe5
{[%clk 0:49:51]} 14. Nd4 {[%clk 0:39:19]} Bg4 {[%clk 0:46:28]} 15. Nf3
{[%clk 0:38:12]} Bxf3 {[%clk 0:36:10]} 16. Qxf3 {[%clk 0:38:31]} d4
{[%clk 0:36:29]} 17. Nd5 {[%clk 0:33:48]} Nxd5 {[%clk 0:35:45]} 18. exd5
{[%clk 0:34:12]} Be7 {[%clk 0:35:55]} 19. Bh3 {[%clk 0:28:09]} O-O
{[%clk 0:33:54]} 20. Rhe1 {[%clk 0:27:27]} Qg5+ {[%clk 0:33:31]} 21. Kb1
{[%clk 0:27:25]} Bc5 {[%clk 0:29:57]} 22. d6 {[%clk 0:23:23]} Bxd6
{[%clk 0:30:10]} 23. Rxd4 {[%clk 0:23:23]} Qa5 {[%clk 0:26:34]} 24. Red1
{[%clk 0:21:05]} Be7 {[%clk 0:24:42]} 25. Qxb7 {[%clk 0:15:49]} Bf6
{[%clk 0:24:44]} 26. Rd5 {[%clk 0:15:26]} Rad8 {[%clk 0:21:20]} 27. Bd7
{[%clk 0:14:01]} Rxd7 {[%clk 0:17:15]} 28. Rxd7 {[%clk 0:13:37]} Qe5
{[%clk 0:16:48]} 29. Qb3 {[%clk 0:11:12]} Qe2 {[%clk 0:14:29]} 30. h3
{[%clk 0:10:05]} Qe5 {[%clk 0:12:36]} 31. a3 {[%clk 0:08:37]} Qf5
{[%clk 0:10:34]} 32. g4 {[%clk 0:08:50]} Qe5 {[%clk 0:10:53]} 33. Rb7
{[%clk 0:08:37]} h5 {[%clk 0:09:31]} 34. Rdd7 {[%clk 0:08:22]} hxg4
{[%clk 0:08:53]} 35. hxg4 {[%clk 0:08:07]} Qe8 {[%clk 0:08:06]} 36. Qd5
{[%clk 0:07:32]} g6 {[%clk 0:07:10]} 37. g5 {[%clk 0:07:43]} Bd8 {[%clk 0:06:19]}
38. Rb8 {[%clk 0:07:22]} 1-0

[Event "IMP Kobiet do lat 20"]
[Site "Chotowa"]
[Date "2023.10.31"]
[Round "5.10"]
[White "Szopa, Emilia"]
[Black "Michalska, Lena"]
[Result "1/2-1/2"]
[BlackElo "1636"]
[WhiteElo "1706"]
[LiveChessVersion "1.4.8"]

1. e4 {[%clk 1:30:56]} c5 {[%clk 1:30:57]} 2. Nf3 {[%clk 1:31:16]} g6
{[%clk 1:31:24]} 3. c3 {[%clk 1:30:58]} d5 {[%clk 1:29:17]} 4. exd5
{[%clk 1:30:04]} Qxd5 {[%clk 1:29:37]} 5. d4 {[%clk 1:28:16]} Bg7
{[%clk 1:27:49]} 6. Na3 {[%clk 1:24:50]} cxd4 {[%clk 1:00:04]} 7. Bc4
{[%clk 1:23:01]} Qe4+ {[%clk 0:59:00]} 8. Be3 {[%clk 1:20:27]} Nh6
{[%clk 0:48:09]} 9. Nb5 {[%clk 1:04:15]} O-O {[%clk 0:40:50]} 10. cxd4
{[%clk 0:55:30]} Na6 {[%clk 0:35:11]} 11. Nc3 {[%clk 0:53:52]} Qc6
{[%clk 0:32:20]} 12. Bb5 {[%clk 0:43:06]} Qd6 {[%clk 0:28:47]} 13. Qd2
{[%clk 0:37:11]} Nf5 {[%clk 0:27:52]} 14. Bf4 {[%clk 0:35:05]} Qe6+
{[%clk 0:23:21]} 15. Ne2 {[%clk 0:26:37]} Qb6 {[%clk 0:21:39]} 16. a4
{[%clk 0:25:46]} Nc7 {[%clk 0:17:16]} 17. Bc4 {[%clk 0:25:18]} Ne6
{[%clk 0:16:11]} 18. a5 {[%clk 0:22:49]} Qd8 {[%clk 0:14:58]} 19. Be5
{[%clk 0:16:45]} Bxe5 {[%clk 0:12:13]} 20. dxe5 {[%clk 0:16:43]} Qxd2+
{[%clk 0:12:38]} 21. Nxd2 {[%clk 0:17:00]} Ned4 {[%clk 0:12:30]} 22. Nxd4
{[%clk 0:13:58]} Nxd4 {[%clk 0:12:55]} 23. O-O {[%clk 0:14:21]} Be6
{[%clk 0:13:09]} 24. a6 {[%clk 0:09:02]} Bxc4 {[%clk 0:09:07]} 25. axb7
{[%clk 0:07:00]} Bxf1 {[%clk 0:09:13]} 26. bxa8=Q {[%clk 0:06:36]} Rxa8
{[%clk 0:09:41]} 27. Kxf1 {[%clk 0:06:53]} Rb8 {[%clk 0:09:42]} 28. Rxa7
{[%clk 0:03:36]} Rxb2 {[%clk 0:10:07]} 29. Ke1 {[%clk 0:03:58]} Nc6
{[%clk 0:09:40]} 30. Ra8+ {[%clk 0:03:11]} Rb8 {[%clk 0:07:21]} 31. Rxb8+
{[%clk 0:03:21]} Nxb8 {[%clk 0:07:50]} 32. Ke2 {[%clk 0:03:40]} e6
{[%clk 0:08:10]} 1/2-1/2

[Event "IMP Kobiet do lat 20"]
[Site "Chotowa"]
[Date "2023.10.31"]
[Round "5.11"]
[White "Labedz, Gabriela"]
[Black "Zgoda, Aleksandra"]
[Result "1-0"]
[BlackElo "1536"]
[WhiteElo "1547"]
[LiveChessVersion "1.4.8"]

1. e4 {[%clk 1:30:57]} c5 {[%clk 1:30:53]} 2. Nf3 {[%clk 1:31:22]} e6
{[%clk 1:31:15]} 3. d4 {[%clk 1:31:48]} cxd4 {[%clk 1:31:29]} 4. Nxd4
{[%clk 1:32:13]} a6 {[%clk 1:31:36]} 5. Bd3 {[%clk 1:32:30]} Qc7 {[%clk 1:31:32]}
6. Qe2 {[%clk 1:32:02]} Nc6 {[%clk 1:30:08]} 7. Be3 {[%clk 1:29:21]} Nf6
{[%clk 1:26:47]} 8. O-O {[%clk 1:23:42]} Be7 {[%clk 1:22:12]} 9. c4
{[%clk 1:21:26]} Nb4 {[%clk 1:20:11]} 10. h3 {[%clk 1:14:45]} O-O
{[%clk 1:14:10]} 11. f4 {[%clk 1:10:01]} Nxd3 {[%clk 1:06:40]} 12. Qxd3
{[%clk 1:10:19]} d6 {[%clk 1:06:30]} 13. Nc3 {[%clk 1:04:22]} b6 {[%clk 0:59:44]}
14. Qe2 {[%clk 1:00:26]} Bb7 {[%clk 0:57:58]} 15. Bf2 {[%clk 0:55:22]} d5
{[%clk 0:40:38]} 16. e5 {[%clk 0:48:57]} Ne4 {[%clk 0:32:57]} 17. Nxe4
{[%clk 0:43:47]} dxe4 {[%clk 0:33:13]} 18. Qg4 {[%clk 0:38:34]} Bc5
{[%clk 0:26:24]} 19. Rad1 {[%clk 0:34:30]} Bxd4 {[%clk 0:21:42]} 20. Rxd4
{[%clk 0:33:09]} f5 {[%clk 0:19:53]} 21. Qd1 {[%clk 0:25:40]} Qc6
{[%clk 0:19:24]} 22. Be3 {[%clk 0:23:57]} Rfe8 {[%clk 0:16:16]} 23. Qb3
{[%clk 0:21:39]} Rac8 {[%clk 0:15:01]} 24. Rc1 {[%clk 0:20:49]} Red8
{[%clk 0:12:16]} 25. Rcd1 {[%clk 0:19:45]} Rxd4 {[%clk 0:08:47]} 26. Rxd4
{[%clk 0:20:02]} h6 {[%clk 0:08:55]} 27. c5 {[%clk 0:17:37]} bxc5
{[%clk 0:06:38]} 28. Rd6 {[%clk 0:17:29]} Qb5 {[%clk 0:06:08]} 29. Qxe6+
{[%clk 0:16:43]} Kh8 {[%clk 0:06:29]} 30. Qb3 {[%clk 0:11:05]} Qxb3
{[%clk 0:04:51]} 31. axb3 {[%clk 0:11:31]} Kg8 {[%clk 0:03:38]} 32. e6
{[%clk 0:11:10]} Kf8 {[%clk 0:02:00]} 33. Rd7 {[%clk 0:10:59]} Ba8
{[%clk 0:00:45]} 34. Ra7 {[%clk 0:10:26]} Bd5 {[%clk 0:01:02]} 35. e7+
{[%clk 0:07:32]} Ke8 {[%clk 0:01:06]} 36. Bf2 {[%clk 0:06:11]} Bxb3
{[%clk 0:01:11]} 37. Bh4 {[%clk 0:06:13]} Bc4 {[%clk 0:01:14]} 38. Rb7
{[%clk 0:05:58]} e3 {[%clk 0:00:56]} 39. Rb6 {[%clk 0:05:17]} Kf7
{[%clk 0:00:36]} 40. Rd6 {[%clk 0:33:51]} Re8 {[%clk 0:30:51]} 41. Rc6
{[%clk 0:31:53]} e2 {[%clk 0:24:01]} 42. Kf2 {[%clk 0:31:23]} Bb5
{[%clk 0:21:18]} 43. Rxc5 {[%clk 0:29:05]} Kg6 {[%clk 0:19:35]} 44. g4
{[%clk 0:27:31]} fxg4 {[%clk 0:19:07]} 45. hxg4 {[%clk 0:27:48]} Rb8
{[%clk 0:15:29]} 46. Rd5 {[%clk 0:26:27]} Re8 {[%clk 0:15:34]} 47. Rf5
{[%clk 0:25:06]} Rb8 {[%clk 0:11:51]} 48. Rf8 {[%clk 0:25:21]} Be8
{[%clk 0:11:44]} 49. b3 {[%clk 0:24:05]} Kh7 {[%clk 0:09:15]} 50. f5
{[%clk 0:23:49]} Rc8 {[%clk 0:05:23]} 51. Bg3 {[%clk 0:23:54]} Ra8
{[%clk 0:05:15]} 52. Bc7 {[%clk 0:24:12]} Rc8 {[%clk 0:05:35]} 53. Bd8
{[%clk 0:24:11]} Rc1 {[%clk 0:05:01]} 54. Kxe2 {[%clk 0:24:21]} Bb5+
{[%clk 0:05:21]} 55. Kd2 {[%clk 0:23:09]} Rg1 {[%clk 0:05:08]} 56. e8=Q
{[%clk 0:21:54]} Rg2+ {[%clk 0:04:55]} 57. Kc3 {[%clk 0:21:40]} Rg3+
{[%clk 0:04:41]} 58. Kb2 {[%clk 0:21:54]} Bxe8 {[%clk 0:04:05]} 59. Rxe8
{[%clk 0:22:19]} Rxg4 {[%clk 0:04:27]} 60. f6 {[%clk 0:21:58]} gxf6
{[%clk 0:04:24]} 61. Bxf6 {[%clk 0:22:16]} Rf4 {[%clk 0:04:18]} 62. Re6
{[%clk 0:20:56]} h5 {[%clk 0:04:20]} 63. Rxa6 {[%clk 0:19:51]} h4
{[%clk 0:04:34]} 64. Rc6 {[%clk 0:17:33]} Rf2+ {[%clk 0:04:20]} 65. Ka3
{[%clk 0:17:43]} h3 {[%clk 0:04:36]} 66. Be5 {[%clk 0:17:54]} h2 {[%clk 0:04:24]}
67. Rc1 {[%clk 0:18:14]} Re2 {[%clk 0:03:37]} 68. Bc7 {[%clk 0:18:22]} Kg6
{[%clk 0:03:36]} 69. Rh1 {[%clk 0:18:43]} Rc2 {[%clk 0:03:25]} 70. Bxh2
{[%clk 0:19:01]} Kf6 {[%clk 0:03:45]} 71. Bg3 {[%clk 0:18:29]} Ke6
{[%clk 0:03:45]} 72. Rd1 {[%clk 0:18:52]} Rc3 {[%clk 0:03:54]} 73. Bf2
{[%clk 0:19:16]} Rf3 {[%clk 0:04:18]} 74. Bc5 {[%clk 0:19:35]} Rh3
{[%clk 0:04:19]} 75. Ka4 {[%clk 0:19:59]} Rh5 {[%clk 0:04:16]} 76. b4
{[%clk 0:20:21]} Rf5 {[%clk 0:04:03]} 77. Kb5 {[%clk 0:20:41]} Rh5
{[%clk 0:04:27]} 78. Kc6 {[%clk 0:20:59]} Rh8 {[%clk 0:04:23]} 79. Re1+
{[%clk 0:21:09]} Kf7 {[%clk 0:04:40]} 80. Re7+ {[%clk 0:21:33]} Kg6
{[%clk 0:04:53]} 81. b5 {[%clk 0:21:56]} Rh1 {[%clk 0:04:50]} 82. b6
{[%clk 0:22:18]} Rb1 {[%clk 0:05:10]} 83. b7 {[%clk 0:22:43]} Kf6
{[%clk 0:04:44]} 84. Re8 {[%clk 0:23:04]} 1-0